Devine le joueur de foot avec sa photo très difficile #1 - Statistiques

Statistiques générales
  • Ce quiz a été pris 48 fois
  • Le résultat moyen est 3 sur 16
Statistiques - réponses
Par images Réponse % Correct
Clinton Njie
77%
Mehdi Taremi
74%
Benjamin Henrichs
35%
Giannelli Imbula
35%
Baghdad Bounedjah
19%
Antoine Semenyo
16%
Toti Gomes
16%
Irvin Cardona
14%
Manor Salomon
14%
Christoph Kramer
9%
Abdelhamid Sabiri
5%
Gyasi Zardes
5%
Darlin Yongwa
2%
Cristiano Piccini
0%
Dimitrios Siovas
0%
Ryan Allsop
0%
Aucun quiz correspondant
Distribution des résultats
% des personnes avec chaque résultat
Percentile par nombre de réponses
Votre historique - résultats
Vous n’avez pas pris ce quiz